000 02322 a2200229 4500
001 33866
005 20260407155629.0
008 260407a2001 arg spa d
003 AR-UNSa-BCEJYS
040 _aAR-UNSa-BCEJYS
_bspa
_cAR-UNSa-BCEJYS
080 _a658.011.56
_xAutomatización
245 1 0 _aSistemas de información para la gestión empresaria
_pprocedimientos, seguridad y auditoría
020 _a978-987-9460-51-1
264 1 _aBuenos Aires :
_bPearson Educación
_c2001
300 _axv, 444 p.
_c26 cm.
505 _aI: 1. Metodología de exposición de procedimientos - 2. Estudio de procedimientos: Compras mayores y recepción - 3. Principios y técnicas de control: Compras mayores y recepción - 4. Estudio de procedimientos: cuentas a pagar - 5. Principios y técnicas de control: cuentas a pagar - 6. Estudio de procedimientos: Comercialización - 7. Estudio de procedimientos: Ventas a créditos - 8. Principios y técnicas de control: Ventas a crédito - 9. Estudio de procedimientos: Pedidos de clientes - 10. Estudio de procedimientos: Facturación a clientes - 11. Estudio de procedimientos: Cuentas a cobrar - 12. Estudio de procedimientos: Cobranzas - 13. Estudio de procedimientos: Cobranzas en punto de venta - 14. Principios y técnicas de control: Cuetnas a cobrar y cobranzas - 15. Estudio de procedimientos: Remuneraciones - 17. Estudio de procedimientos: Administración de inventario de productos terminados - 18. Estudio de procedimientos: Bienes de Uso - II: Seguridad y auditoría informática : 19. Seguridad informática - 20. Auditoría de sistemas de información - 21. Auditoría de organización y administración del ambiente informático - 22. Controles de accesos lógicos y físicos - 23. Seguridad en los sistemas de base de datos - 24. Seguridad de redes y sistemas distribuidos - 25. Auditoría del desarrollo de sistemas - 26. Auditoría de sistemas de aplicación instalados - 27. Técnicas de auditoría y evaluación - 28. Técnicas de auditoría asistidas por computadoras - 29. Recuperación de desastres. Continuidad de operaciones.
041 _aspa
942 _cBK
590 _aniveau_biblio:m niveau_hierar:0
100 1 _aLardent, Alberto R.
856 4 1 _uhttps://www.biblioeco.unsa.edu.ar/pmb/images/libros/L87022.jpg
_yImagen de portada
_qimage/jpeg
999 _c2398
_d2398